书目信息 |
| 题名: |
宫泽贤治童话精选
|
|
| 作者: | 李红旗 , 常晓宏 , 杨凤莲 译 | |
| 分册: | 下册 | |
| 出版信息: | 天津 天津大学出版社 2005.10 |
|
| 页数: | 287页 | |
| 开本: | 21cm | |
| 丛书名: | 日语名篇阅读 | |
| 单 册: | ||
| 中图分类: | H319.4 , I313.88 | |
| 科图分类: | ||
| 主题词: | 日语--对照读物 , 童话--日、汉 | |
| 电子资源: | ||
| ISBN: | 7-5618-2170-0 | |
| 000 | 00951nam0 2200289 450 | |
| 001 | 1055828828 | |
| 005 | 20100721153527.37 | |
| 010 | @a7-5618-2170-0@dCNY14.00 | |
| 100 | @a20100515d2005 km y0chiy0120 ea | |
| 101 | 0 | @achi |
| 102 | @aCN@b120000 | |
| 105 | @ay z 000yy | |
| 200 | 1 | @a宫泽贤治童话精选@Agong ze xian zhi tong hua jing xuan@h下册@f李红旗, 常晓宏, 杨凤莲译@Fli hong qi,chang xiao hong,yang feng lian yi |
| 210 | @a天津@c天津大学出版社@d2005.10 | |
| 215 | @a287页@d21cm | |
| 225 | 2 | @a日语名篇阅读 |
| 330 | @a本书分上、下两册,共收录了宫泽贤治25篇作品,包括:宅中妖童的故事,搓毒的署长、白头翁、猴子的板凳等。 | |
| 410 | 0 | @12001 @a日语名篇阅读 |
| 606 | 0 | @a日语@x对照读物 |
| 606 | 0 | @a童话@x日、汉 |
| 690 | @aH319.4@v4 | |
| 690 | @aI313.88@v4 | |
| 701 | 0 | @a李红旗@Ali hong qi@4译 |
| 701 | 0 | @a常晓宏@Achang xiao hong@4译 |
| 701 | 0 | @a杨凤莲@Ayang feng lian@4译 |
| 801 | 0 | @aCN@c20100515 |
| 905 | @dH319.4@eL170:2@f3 | |
| 宫泽贤治童话精选.下册/李红旗, 常晓宏, 杨凤莲译.-天津:天津大学出版社,2005.10 |
| 287页;21cm.-(日语名篇阅读) |
| ISBN 7-5618-2170-0:CNY14.00 |
| 本书分上、下两册,共收录了宫泽贤治25篇作品,包括:宅中妖童的故事,搓毒的署长、白头翁、猴子的板凳等。 |
| ● |
| 相关链接 |
|
|
|
正题名:宫泽贤治童话精选
索取号:H319.4/L170:2
 
预约/预借
| 序号 | 登录号 | 条形码 | 馆藏地/架位号 | 状态 | 备注 |
| 1 | 993468 | 209934687 | 语言库209/209语言库 46排6列1层/ [索取号:H319.4/L170:2] | 在馆 | |
| 2 | 993469 | 209934696 | 语言库209/209语言库 46排6列1层/ [索取号:H319.4/L170:2] | 在馆 | |
| 3 | 993470 | 209934703 | 语言库209/209语言库 46排6列1层/ [索取号:H319.4/L170:2] | 在馆 |